000 01534nam a2200241 a 4500
008 150615s2011 ||||||||||||||||| || u
020 _a9780199276851
050 _aGN 282 Rea
100 _aReader, John
245 1 0 _aMissing links in search of human origins
_cby John Reader
260 _aOxford:
_bOxford University Press
_c2011
300 _axvii, 538p.: ill
350 _a34.95
650 _aANTHROPOLOGY, PREHISTORIC
650 _aFOSSIL HOMINIDS
650 _aPALEOANTHROPOLOGY--HISTORY
995 _aMEDICAL LIBRARY OPEN ACCESS
_e903128
_FCBU-SCHOOL OF MEDICINE LIBRARY (Ndola)
_I34.95
_jGN 282 Rea
_M6
_UAVAILABLE
_WAug 20, 2015
_y903128
_ZMedical Library Open Access Collection
995 _aANNEX COLLECTION (Main Library)
_e745625
_FCBU-MAIN LIBRARY (Kitwe)
_I34.95
_jGN 282 Rea
_M3
_UAVAILABLE
_WAug 20, 2015
_y745625
_ZAnnex Low-Usage Collection
995 _aMAIN LIBRARY OPEN ACCESS
_e745626
_FCBU-MAIN LIBRARY (Kitwe)
_I34.95
_jGN 282 Rea
_M4
_UAVAILABLE
_WAug 20, 2015
_y745626
_ZMain Library Open Access Collection
995 _aANNEX COLLECTION (Main Library)
_e745623
_FCBU-MAIN LIBRARY (Kitwe)
_I34.95
_jGN 282 Rea
_M1
_UAVAILABLE
_WAug 20, 2015
_y745623
_ZAnnex Low-Usage Collection
995 _aMAIN LIBRARY OPEN ACCESS
_e745624
_FCBU-MAIN LIBRARY (Kitwe)
_I34.95
_jGN 282 Rea
_M2
_UAVAILABLE
_WAug 20, 2015
_y745624
_ZMain Library Open Access Collection
995 _aMEDICAL LIBRARY OPEN ACCESS
_e903127
_FCBU-SCHOOL OF MEDICINE LIBRARY (Ndola)
_I34.95
_jGN 282 Rea
_M5
_UAVAILABLE
_WAug 20, 2015
_y903127
_ZMedical Library Open Access Collection
999 _c77698
_d77698